| 000 | 01238nam a2200265Ia 4500 | ||
|---|---|---|---|
| 003 | OSt | ||
| 005 | 20220930094812.0 | ||
| 006 | a|||||r|||| 00| 0 | ||
| 007 | ta | ||
| 008 | 220926b |||||||| |||| 00| 0 hin d | ||
| 024 | _a19654 | ||
| 037 | _cTheses | ||
| 040 |
_aCRL _cCRL _bhin |
||
| 041 |
_2hin _ahin |
||
| 100 | _aसुशील कुमारी | ||
| 110 |
_aदिल्ली विश्वविद्यालय. कला संकाय. संस्कृत विभाग _9556321 |
||
| 245 | 0 | _aवामन एवं भोज-प्रतिपादित गुण व दोषों का तुलनात्मक अध्ययन | |
| 246 | _aVāman evan bhoja-pratipādit guṇ v doṣhoan kā tulanātmak adhyayana | ||
| 260 | _c2014 | ||
| 650 | _aसंस्कृत साहित्य | ||
| 700 |
_a डॉ. भारतेन्दु पाण्डेय, गा. _9556322 |
||
| 700 |
_aदिल्ली विश्वविद्यालय. कला संकाय. संस्कृत विभाग _9556323 |
||
| 942 |
_cDIS _2CC |
||
| 999 |
_c887702 _d887702 |
||